000 00300nam a22001337a 4500
008 250310b |||||||| |||| 00| 0 eng d
020 _a9789354669798
040 _a02
100 _aCHAURASIA'S,B.D.
245 _aHUMAN ANATOMY-1
260 _aNEW DELHI
_bCBSPD
_c2024
300 _a315
942 _c01
999 _c65337
_d65337